Interpretácia výsledkov stopovej analýzy medi a zinku v kŕmnych zmesiach

Bibliographic Details
Main Author: Neirurerová, B. (Author)
Format: Article
Language:Slovak
PhysicalDescription:Tb. 2. Res. angl., nem., rus., lit. 7 zázn. v slov., češ.
Subjects:

MARC

LEADER 00000nab a2200000 a 4500
001 vtls000412416
003 SK-MaSNL
005 20260304013230.0
008 220422c1989 xo 0 slo
015 |a SNBRA19rr/mm-uuuuu 
035 |a CL0412541 
040 |a SNKBUCL  |b slo  |c SNKBUCL  |e AACR2 
041 0 |a slo 
044 |a xo  |c SK 
080 |a 614.95  |2 1981 
080 |a 636.085.55  |2 1981 
080 |a 546.56  |2 1981 
080 |a 546.47  |2 1981 
100 1 |a Neirurerová, B.  |4 aut  |9 1293929 
245 1 0 |a Interpretácia výsledkov stopovej analýzy medi a zinku v kŕmnych zmesiach  |c B. Neirurerová 
300 |b Tb. 2. Res. angl., nem., rus., lit. 7 zázn. v slov., češ. 
650 0 7 |a kŕmne zmesi  |2 snkbucl  |9 71250 
650 0 7 |a stopové prvky  |2 snkbucl  |9 29124 
655 7 |a články zo zborníkov  |2 snkbucl  |9 166140 
773 0 |t Zborník Štátnej veterinárnej správy MPVž SSR 23  |d Bratislava : Ústav veterinárnych informácií a osvety, 1989  |g S. 65-71 
850 |a Slovenská národná knižnica v Martine  |a MTA001 
852 |a SNK  |b KIS3GCP 
958 |a NB 
958 |a RK 
958 |a ME 
992 |a RZB 
999 |c 2575001  |d 2576931